| 000 | 00593nam a2200229Ia 4500 | ||
|---|---|---|---|
| 003 | OSt | ||
| 005 | 20230503101636.0 | ||
| 008 | 210423s2003 xx 000 0 und d | ||
| 020 | _a9780124898516 | ||
| 040 | _cAL | ||
| 041 | _aeng | ||
| 082 |
_a539.028 MELA _223 |
||
| 100 |
_aMELISSINOS (Adrian C);NAPOLITANO (Jim). _994668 |
||
| 245 | _aExperiments in modern physics. | ||
| 250 | _a2 | ||
| 260 |
_aAmsterdam _bAcademic Press _c2003 |
||
| 300 |
_axviii,527 _bPB |
||
| 365 | _cINR | ||
| 650 |
_aModern Physics _994669 |
||
| 906 | _aExperiments ; modern ; physics. | ||
| 942 |
_2ddc _cBK |
||
| 999 |
_c161920 _d161920 |
||